[Event "Brasschaat op"]
[Site "Brasschaat"]
[Date "2023.08.27"]
[Round "9"]
[White "Tuerlinckx, Ben"]
[Black "Vereggen, Lars"]
[Result "1-0"]
[WhiteElo "2000"]
[BlackElo "2347"]
[PlyCount "55"]
[EventDate "2023.08.18"]
[EventType "swiss"]
[EventRounds "9"]
[EventCountry "BEL"]
[SourceTitle "EXT 2024"]
[Source "ChessBase"]
[SourceDate "2023.10.10"]
[SourceVersion "1"]
[SourceVersionDate "2023.10.10"]
[SourceQuality "1"]

1. e4 Nf6 2. e5 Nd5 3. d4 d6 4. c4 Nb6 5. exd6 cxd6 6. Nf3 g6 7. h3 Bg7 8. Nc3 0-0 9. Be2 Nc6 10. 0-0 e5 11. Bg5 f6 12. Be3 f5 13. c5 f4 14. cxb6 fxe3 15. fxe3 exd4 16. Nd5 dxe3 17. Nc7 Rb8 18. Qd5+ Kh8 19. Ng5 Bf5 20. Nge6 Qh4 21. bxa7 Nxa7 22. Nxf8 Bxf8 23. Ne6 Be7 24. Bg4 e2 25. Bxe2 Nc6 26. Bg4 Bxe6 27. Qxe6 h5 28. Qxg6 1-0

[Event "Brasschaat op"]
[Site "Brasschaat"]
[Date "2023.08.21"]
[Round "3"]
[White "Vereggen, Lars"]
[Black "Patil, Harshal"]
[Result "1-0"]
[WhiteElo "2347"]
[BlackElo "2044"]
[PlyCount "95"]
[EventDate "2023.08.18"]
[EventType "swiss"]
[EventRounds "9"]
[EventCountry "BEL"]
[SourceTitle "EXT 2024"]
[Source "ChessBase"]
[SourceDate "2023.10.10"]
[SourceVersion "1"]
[SourceVersionDate "2023.10.10"]
[SourceQuality "1"]

1. d4 d5 2. c4 c6 3. Nf3 Nf6 4. e3 Bf5 5. Qb3 Qb6 6. Nc3 e6 7. Be2 Nbd7 8. 0-0 Qxb3 9. axb3 Bc2 10. Nd2 Bb4 11. Bd1 Bxd1 12. Rxd1 Ke7 13. Re1 Rhd8 14. Na2 a5 15. Nxb4 axb4 16. Rxa8 Rxa8 17. e4 Kd8 18. e5 Ne8 19. Nf3 h6 20. Rd1 Nc7 21. Ne1 b6 22. Be3 c5 23. Nd3 Ra5 24. g4 Ke7 25. h4 Kf8 26. Kg2 Kg8 27. h5 Kh7 28. f4 Na6 29. cxd5 exd5 30. f5 c4 31. Nf4 Nc7 32. bxc4 dxc4 33. d5 Ra2 34. d6 Rxb2+ 35. Kf1 Ne8 36. e6 Nef6 37. Bd4 Ra2 38. Bxf6 gxf6 39. exd7 Ra8 40. Ke2 Kg7 41. Nd5 b5 42. Nxb4 Rd8 43. Kd2 Rxd7 44. Kc3 Kf8 45. Na6 Ke8 46. Nc5 Ra7 47. d7+ Kd8 48. Re1 1-0

[Event "Brasschaat op"]
[Site "Brasschaat"]
[Date "2023.08.20"]
[Round "2"]
[White "Michel, Steve"]
[Black "Vereggen, Lars"]
[Result "0-1"]
[WhiteElo "1878"]
[BlackElo "2347"]
[PlyCount "80"]
[EventDate "2023.08.18"]
[EventType "swiss"]
[EventRounds "9"]
[EventCountry "BEL"]
[SourceTitle "EXT 2024"]
[Source "ChessBase"]
[SourceDate "2023.10.10"]
[SourceVersion "1"]
[SourceVersionDate "2023.10.10"]
[SourceQuality "1"]

1. e4 g6 2. d4 Bg7 3. Nc3 d5 4. exd5 Nf6 5. Bb5+ Nbd7 6. Nf3 0-0 7. h3 Nb6 8. Bd3 Nfxd5 9. Nxd5 Qxd5 10. c3 c5 11. dxc5 Qxc5 12. 0-0 e5 13. Re1 Bd7 14. Qe2 Rfe8 15. Be3 Qc7 16. Bb5 Bxb5 17. Qxb5 Nc4 18. Rad1 a6 19. Qb3 Rad8 20. Bg5 Rxd1 21. Rxd1 h6 22. Bc1 e4 23. Re1 b5 24. a4 Na5 25. Qd5 Qc6 26. Qxc6 Nxc6 27. axb5 axb5 28. Nd2 f5 29. f4 b4 30. Nb1 Rd8 31. Kf2 bxc3 32. bxc3 Rb8 33. Be3 Rb2+ 34. Kf1 Na5 35. Bd4 Nc4 36. Kg1 Bf8 37. Rd1 Kf7 38. Bf2 Ke6 39. g3 e3 40. Be1 Bc5 0-1

[Event "BEL-chT 2223"]
[Site "Belgium"]
[Date "2023.02.12"]
[Round "7.6"]
[White "Van Baar, Esper"]
[Black "Vereggen, Lars"]
[Result "0-1"]
[WhiteElo "2217"]
[BlackElo "2339"]
[PlyCount "88"]
[EventDate "2022.09.25"]
[EventType "team-tourn"]
[EventRounds "11"]
[EventCountry "BEL"]
[SourceTitle "CBM 213 Extra"]
[Source "ChessBase"]
[SourceDate "2023.05.31"]
[SourceVersion "1"]
[SourceVersionDate "2023.05.31"]
[SourceQuality "1"]
[WhiteTeam "Wachtebeke"]
[BlackTeam "Brasschaat"]
[WhiteTeamCountry "BEL"]
[BlackTeamCountry "BEL"]

1. e4 c6 2. Nc3 d5 3. Nf3 Bg4 4. h3 Bxf3 5. Qxf3 e6 6. d4 Nf6 7. Be2 Be7 8. 0-0 0-0 9. Be3 dxe4 10. Nxe4 Nxe4 11. Qxe4 Qd5 12. Qd3 Nd7 13. c4 Qd6 14. Rfd1 Bf6 15. Qb3 b6 16. Rac1 Rfd8 17. Bf3 Rac8 18. c5 bxc5 19. dxc5 Qc7 20. Qa4 Bxb2 21. Rb1 Bf6 22. Qa6 Ne5 23. Be4 Rxd1+ 24. Rxd1 g5 25. Rb1 Rd8 26. g3 Qd7 27. Kg2 g4 28. h4 h5 29. Rb7 Qd1 30. Rb1 Qd7 31. Qb7 Kg7 32. Bf4 Qd4 33. Rb4 Qxc5 34. Be3 Qc3 35. Rb3 Qa1 36. Qxa7 Nf3 37. Bxf3 gxf3+ 38. Kh2 Qf1 39. Bh6+ Kg6 40. Rxf3 Rd1 41. Rxf6+ Kxf6 42. Bg5+ Kg6 43. g4 Qg1+ 44. Kh3 hxg4# 0-1

[Event "BEL-chT 2122"]
[Site "Belgium"]
[Date "2022.04.24"]
[Round "11.1"]
[White "Vereggen, Lars"]
[Black "Docx, Stefan"]
[Result "0-1"]
[WhiteElo "2344"]
[BlackElo "2431"]
[PlyCount "170"]
[EventDate "2021.10.24"]
[EventType "team-tourn"]
[EventRounds "11"]
[EventCountry "BEL"]
[SourceTitle "EXT 2023"]
[Source "ChessBase"]
[SourceDate "2022.10.05"]
[SourceVersion "1"]
[SourceVersionDate "2022.10.05"]
[SourceQuality "1"]
[WhiteTeam "Brasschaat"]
[BlackTeam "Borgerhout"]
[WhiteTeamCountry "BEL"]
[BlackTeamCountry "BEL"]

1. d4 Nf6 2. Bg5 d5 3. Bxf6 gxf6 4. Nf3 c5 5. c4 cxd4 6. Qxd4 dxc4 7. Qxd8+ Kxd8 8. e3 e6 9. Bxc4 Bg7 10. Nc3 f5 11. 0-0-0+ Ke7 12. Nd4 Nd7 13. Be2 Rd8 14. f4 Nb6 15. b3 Bd7 16. Bf3 Rac8 17. Kb2 Rc7 18. Rd3 Rdc8 19. Rhd1 a6 20. a4 a5 21. R1d2 Bc6 22. Nxc6+ bxc6 23. Kc2 Nd7 24. e4 Nc5 25. Re3 Rb8 26. Ne2 Rcb7 27. e5 Nxb3 28. Rd1 Nc5 29. Kd2 Rd7+ 30. Ke1 Rxd1+ 31. Kxd1 Nxa4 32. Ra3 Nb2+ 33. Kc2 Nc4 34. Rc3 Rb4 35. Nc1 Nb6 36. Nd3 Rc4 37. Rxc4 Nxc4 38. Bxc6 f6 39. exf6+ Bxf6 40. Kb3 Nb6 41. Bf3 Kd6 42. h3 Bd4 43. g4 h6 44. gxf5 exf5 45. Bh5 Be3 46. Bf3 Bd2 47. Kc2 Be3 48. Kb3 Nd5 49. Ka4 Bb6 50. Kb5 Bc7 51. Kc4 Nf6 52. Ne5 Ke6 53. Nc6 Ne4 54. Bd1 Bxf4 55. Nxa5 Nf2 56. Bc2 Nxh3 57. Nc6 Be5 58. Kd3 Ng5 59. Bd1 Ne4 60. Bf3 Nd6 61. Na5 Kf6 62. Nc4 Nb5 63. Ne3 Nd4 64. Nd5+ Kg5 65. Ke3 h5 66. Kf2 h4 67. Bg2 Bd6 68. Nc3 Bc5 69. Kf1 Kg4 70. Ne2 Nc2 71. Bc6 h3 72. Nc1 Ne3+ 73. Kg1 Nd1+ 74. Kh1 Nf2+ 75. Kh2 Bd6+ 76. Kg1 Ne4 77. Nd3 Kg3 78. Bd7 f4 79. Bc6 Ng5 80. Kf1 f3 81. Kg1 Ne6 82. Bd5 Nd4 83. Nf2 h2+ 84. Kf1 Nf5 85. Nh1+ Kf4 0-1

[Event "Amsterdam Science Park op-A"]
[Site "Amsterdam"]
[Date "2019.07.06"]
[Round "1"]
[White "Vereggen, Lars"]
[Black "Ballon, Guenther Jan"]
[Result "0-1"]
[WhiteElo "2370"]
[BlackElo "2089"]
[PlyCount "88"]
[EventDate "2019.07.06"]
[EventType "swiss"]
[EventRounds "9"]
[EventCountry "NED"]
[SourceTitle "CBM 191 Extra"]
[Source "ChessBase"]
[SourceDate "2019.09.30"]
[SourceVersion "1"]
[SourceVersionDate "2019.09.30"]
[SourceQuality "1"]

1. d4 Nf6 2. c4 e6 3. Nf3 d5 4. g3 Bb4+ 5. Nc3 0-0 6. Qb3 c5 7. Bg5 dxc4 8. Qxc4 Qd5 9. Qxd5 Nxd5 10. Bd2 cxd4 11. Nxd5 Bxd2+ 12. Kxd2 exd5 13. Nxd4 Nc6 14. Nxc6 bxc6 15. Rc1 Bd7 16. Rc5 Rfb8 17. Kc1 a5 18. e3 Rb6 19. Bd3 Rab8 20. Rc2 g6 21. Rd1 f5 22. Rdd2 Kf7 23. Be2 Ke7 24. Rc3 Kd6 25. Rdc2 Rb4 26. h4 h5 27. Bd1 R4b6 28. Rd2 R8b7 29. f3 Rb8 30. Ra3 Rb5 31. Be2 Rc5+ 32. Kb1 Kc7 33. Rd4 Re8 34. Rd2 f4 35. g4 hxg4 36. fxg4 fxe3 37. Rd4 Rh8 38. Rxe3 Rxh4 39. a3 Rh1+ 40. Ka2 Rcc1 41. Bd3 c5 42. Rxd5 a4 43. Rxd7+ Kxd7 44. Bb5+ Kd6 0-1

[Event "NED-chT 1819"]
[Site "Netherlands"]
[Date "2019.03.16"]
[Round "7.7"]
[White "Bosch, Jeroen"]
[Black "Vereggen, Lars"]
[Result "1-0"]
[WhiteElo "2412"]
[BlackElo "2384"]
[PlyCount "47"]
[EventDate "2018.09.15"]
[EventType "team-tourn"]
[EventRounds "9"]
[EventCountry "NED"]
[SourceTitle "CBM 189 Extra"]
[Source "ChessBase"]
[SourceDate "2019.06.03"]
[SourceVersion "1"]
[SourceVersionDate "2019.06.03"]
[SourceQuality "1"]
[WhiteTeam "Calder HMC"]
[BlackTeam "De Stukkenjagers"]
[WhiteTeamCountry "NED"]
[BlackTeamCountry "NED"]

1. d4 d5 2. c4 c6 3. cxd5 cxd5 4. Bg5 f6 5. Bd2 Nc6 6. Nc3 e6 7. e3 Bd6 8. Nf3 Nge7 9. Bd3 0-0 10. 0-0 Kh8 11. h3 e5 12. dxe5 fxe5 13. e4 d4 14. Nb5 Ng6 15. Ng5 Be7 16. Nxh7 Rf4 17. Qh5 Rh4 18. Qxg6 Rxh7 19. Nc7 Rb8 20. Nd5 Qd6 21. Nxe7 Qxe7 22. Bg5 Qe6 23. Qxe6 Bxe6 24. a3 1-0

[Event "BEL-chT 1819"]
[Site "Belgium"]
[Date "2019.02.24"]
[Round "8.2"]
[White "Feller, Sebastien"]
[Black "Vereggen, Lars"]
[Result "1-0"]
[WhiteElo "2587"]
[BlackElo "2384"]
[PlyCount "79"]
[EventDate "2018.09.30"]
[EventType "team-tourn"]
[EventRounds "11"]
[EventCountry "BEL"]
[SourceTitle "CBM 189 Extra"]
[Source "ChessBase"]
[SourceDate "2019.06.03"]
[SourceVersion "1"]
[SourceVersionDate "2019.06.03"]
[SourceQuality "1"]
[WhiteTeam "Wirtzfeld"]
[BlackTeam "Brasschaat"]
[WhiteTeamCountry "BEL"]
[BlackTeamCountry "BEL"]

1. d4 d5 2. c4 c6 3. Nc3 Nf6 4. e3 g6 5. Nf3 Bg7 6. Be2 0-0 7. 0-0 a6 8. a4 Bg4 9. Qb3 Ra7 10. h3 Bxf3 11. Bxf3 e6 12. Rd1 Nbd7 13. e4 dxe4 14. Bxe4 Qb6 15. Qxb6 Nxb6 16. b3 Raa8 17. Bf3 Rfd8 18. Be3 Nc8 19. a5 Ne7 20. g4 Nd7 21. Rac1 Rac8 22. Na4 Kf8 23. Bg2 Ke8 24. Rd2 h6 25. Re1 g5 26. f4 Bf6 27. Rdd1 Kf8 28. fxg5 Bxg5 29. Bf2 Bf4 30. Bh4 Re8 31. Rf1 Ng6 32. Bf2 Kg7 33. d5 exd5 34. cxd5 cxd5 35. Rxd5 Nde5 36. Nc5 Re7 37. Bd4 f6 38. Kh1 Bg5 39. Rd6 Nf4 40. h4 1-0

[Event "BEL-chT 1819"]
[Site "Belgium"]
[Date "2018.11.18"]
[Round "4.2"]
[White "Pijpers, Arthur"]
[Black "Vereggen, Lars"]
[Result "1-0"]
[WhiteElo "2465"]
[BlackElo "2384"]
[PlyCount "73"]
[EventDate "2018.09.30"]
[EventType "team-tourn"]
[EventRounds "11"]
[EventCountry "BEL"]
[SourceTitle "CBM 187 Extra"]
[Source "ChessBase"]
[SourceDate "2018.11.04"]
[SourceVersion "1"]
[SourceVersionDate "2018.11.04"]
[SourceQuality "1"]
[WhiteTeam "KGSRL"]
[BlackTeam "Brasschaat"]
[WhiteTeamCountry "BEL"]
[BlackTeamCountry "BEL"]

1. e4 c5 2. Nc3 Nc6 3. Nge2 g6 4. d4 cxd4 5. Nxd4 Bg7 6. Be3 d6 7. f3 Nf6 8. Qd2 h5 9. 0-0-0 Bd7 10. Bc4 Rc8 11. Bb3 Na5 12. Kb1 a6 13. h3 b5 14. g4 Bc6 15. Nxc6 Nxc6 16. g5 Nd7 17. f4 Qa5 18. e5 Rd8 19. Qd5 Ncxe5 20. fxe5 Nxe5 21. Qb7 Rd7 22. Qa8+ Rd8 23. Qb7 Rd7 24. Qa8+ Rd8 25. Qe4 e6 26. Bd4 b4 27. Na4 Qb5 28. c4 Qb8 29. c5 d5 30. Qe2 0-0 31. Qxa6 Nf3 32. Bxg7 Kxg7 33. h4 Qf4 34. Qd3 Nxh4 35. Rdf1 Qg4 36. Bd1 Qxg5 37. Qd4+ 1-0

[Event "BEL-chT 1819"]
[Site "Belgium"]
[Date "2018.10.07"]
[Round "2.2"]
[White "Vereggen, Lars"]
[Black "Delorme, Axel"]
[Result "1/2-1/2"]
[WhiteElo "2384"]
[BlackElo "2512"]
[PlyCount "64"]
[EventDate "2018.09.30"]
[EventType "team-tourn"]
[EventRounds "11"]
[EventCountry "BEL"]
[SourceTitle "CBM 186 Extra"]
[Source "ChessBase"]
[SourceDate "2018.08.24"]
[SourceVersion "1"]
[SourceVersionDate "2018.08.24"]
[SourceQuality "1"]
[WhiteTeam "Brasschaat"]
[BlackTeam "Fontaine"]
[WhiteTeamCountry "BEL"]
[BlackTeamCountry "BEL"]

1. d4 Nf6 2. Nf3 e6 3. c4 Bb4+ 4. Nbd2 0-0 5. e3 d5 6. a3 Be7 7. Bd3 c5 8. dxc5 a5 9. cxd5 Qxd5 10. Qe2 Rd8 11. Bc4 Qxc5 12. 0-0 a4 13. e4 Qh5 14. Re1 b5 15. Bxb5 Bb7 16. e5 Nfd7 17. b4 axb3 18. Nxb3 Na6 19. Nfd4 Qxe2 20. Rxe2 Ndc5 21. Be3 Nxb3 22. Nxb3 Nc7 23. Bc4 Rxa3 24. Ree1 Rxa1 25. Rxa1 Bd5 26. Bxd5 Nxd5 27. Bc5 Bxc5 28. Nxc5 h5 29. g3 Rc8 30. Ne4 Kh7 31. Ra7 Rc7 32. Rxc7 Nxc7 1/2-1/2

[Event "BEL-chT 1819"]
[Site "Belgium"]
[Date "2018.09.30"]
[Round "1.1"]
[White "Vereggen, Lars"]
[Black "Dambacher, Martijn"]
[Result "1/2-1/2"]
[WhiteElo "2384"]
[BlackElo "2497"]
[PlyCount "47"]
[EventDate "2018.09.30"]
[EventType "team-tourn"]
[EventRounds "11"]
[EventCountry "BEL"]
[SourceTitle "CBM 186 Extra"]
[Source "ChessBase"]
[SourceDate "2018.08.24"]
[SourceVersion "1"]
[SourceVersionDate "2018.08.24"]
[SourceQuality "1"]
[WhiteTeam "Brasschaat"]
[BlackTeam "KSK47 Eynatten"]
[WhiteTeamCountry "BEL"]
[BlackTeamCountry "BEL"]

1. d4 f5 2. e4 fxe4 3. Nc3 Nf6 4. Bg5 g6 5. d5 c6 6. Bxf6 exf6 7. Qd4 Bg7 8. Qxe4+ Qe7 9. 0-0-0 Qxe4 10. Nxe4 f5 11. Nd6+ Ke7 12. Nxc8+ Rxc8 13. Nf3 cxd5 14. Rxd5 Nc6 15. a3 d6 16. Be2 Ne5 17. Rhd1 Rc6 18. Nxe5 Bxe5 19. R5d3 Rac8 20. c3 R6c7 21. Re1 Kf6 22. g3 f4 23. Bg4 Rf8 24. Bf3 1/2-1/2

[Event "Vlissingen HZ op 21st"]
[Site "Vlissingen"]
[Date "2017.08.08"]
[Round "5"]
[White "Vereggen, Lars"]
[Black "Pijpers, Peter"]
[Result "1-0"]
[WhiteElo "2336"]
[BlackElo "2028"]
[PlyCount "89"]
[EventDate "2017.08.05"]
[EventType "swiss"]
[EventRounds "9"]
[EventCountry "NED"]
[SourceTitle "CBM 179 Extra"]
[Source "ChessBase"]
[SourceDate "2017.08.23"]
[SourceVersion "1"]
[SourceVersionDate "2017.08.23"]
[SourceQuality "1"]

1. d4 Nf6 2. c4 g6 3. f3 c5 4. dxc5 Bg7 5. Nc3 Qa5 6. Be3 0-0 7. a3 Qa6 8. Bf2 Qxc4 9. e4 Qe6 10. Nge2 Nc6 11. Nf4 Qe5 12. Nd3 Qc7 13. Be2 Nh5 14. Nd5 Qd8 15. f4 e6 16. N5b4 Nxb4 17. axb4 d5 18. e5 Nxf4 19. Nxf4 Qg5 20. Nd3 Qxg2 21. Bf3 Qg5 22. Rg1 Qe7 23. Qe2 Bd7 24. h4 Bb5 25. h5 Qc7 26. Bd4 a5 27. hxg6 hxg6 28. Qe3 Bxd3 29. Qxd3 axb4 30. Rxa8 Rxa8 31. Qe3 Ra1+ 32. Kf2 Rxg1 33. Kxg1 Qe7 34. Qf4 Qf8 35. Be2 Bh6 36. Qh4 Bg7 37. Qg5 Bh6 38. Qg4 Qa8 39. Bd3 Kg7 40. Qf3 Bg5 41. Qd1 Qh8 42. Qf3 Be7 43. Kf1 Qc8 44. Qf2 Bh4 45. Qxh4 1-0

[Event "Vlissingen HZ op 21st"]
[Site "Vlissingen"]
[Date "2017.08.07"]
[Round "4"]
[White "Stange, Sven"]
[Black "Vereggen, Lars"]
[Result "1/2-1/2"]
[WhiteElo "2140"]
[BlackElo "2336"]
[PlyCount "98"]
[EventDate "2017.08.05"]
[EventType "swiss"]
[EventRounds "9"]
[EventCountry "NED"]
[SourceTitle "CBM 179 Extra"]
[Source "ChessBase"]
[SourceDate "2017.08.23"]
[SourceVersion "1"]
[SourceVersionDate "2017.08.23"]
[SourceQuality "1"]

1. d4 g6 2. c4 Bg7 3. Nf3 d6 4. Nc3 Bg4 5. g3 Bxf3 6. exf3 c6 7. Be3 e6 8. Qb3 Qb6 9. Ne4 Qxb3 10. axb3 Kd7 11. c5 dxc5 12. dxc5 Bxb2 13. Ra2 Be5 14. f4 Bg7 15. Nd6 Nh6 16. Nxb7 Nf5 17. Bg2 a5 18. 0-0 Nxe3 19. fxe3 Kc7 20. Nd6 Rf8 21. Nb5+ Kc8 22. Rd1 Rd8 23. Rad2 Rxd2 24. Rxd2 Bf8 25. Nd6+ Bxd6 26. cxd6 f5 27. d7+ Kd8 28. Rd6 Ra7 29. Rxe6 Kxd7 30. Re5 Kd6 31. Re8 Rb7 32. Rd8+ Ke7 33. Rd3 Rb6 34. e4 fxe4 35. Bxe4 Na6 36. Rc3 Kd6 37. h4 Nc5 38. Bc2 Rb4 39. Kf2 Rd4 40. Ke3 Rd5 41. g4 Ne6 42. Be4 Rc5 43. Rxc5 Nxc5 44. Bc2 Nd7 45. f5 Ne5 46. fxg6 hxg6 47. Kf4 Ke6 48. Be4 c5 49. Kg5 Kf7 1/2-1/2

[Event "NED-ch U18/20"]
[Site "Assen"]
[Date "2017.04.26"]
[Round "5"]
[White "Beerdsen, Thomas"]
[Black "Vereggen, Lars"]
[Result "0-1"]
[WhiteElo "2446"]
[BlackElo "2334"]
[PlyCount "72"]
[EventDate "2017.04.23"]
[EventType "swiss"]
[EventRounds "9"]
[EventCountry "NED"]
[SourceTitle "CBM 178 Extra"]
[Source "ChessBase"]
[SourceDate "2017.06.22"]
[SourceVersion "1"]
[SourceVersionDate "2017.06.22"]
[SourceQuality "1"]

1. e4 c6 2. Nc3 d5 3. Nf3 Nf6 4. e5 Ne4 5. Ne2 Qb6 6. d4 e6 7. Nfg1 f6 8. f3 Ng5 9. exf6 gxf6 10. Bxg5 fxg5 11. h4 gxh4 12. Rxh4 c5 13. Rb1 Nc6 14. c3 Bd7 15. f4 cxd4 16. cxd4 Bb4+ 17. Kf2 e5 18. fxe5 0-0+ 19. Nf3 Nxe5 20. Qb3 Be7 21. Rh1 Qxb3 22. axb3 Bf5 23. Ra1 Ng4+ 24. Kg1 Bf6 25. Nc3 Be4 26. Ra4 a6 27. Nxe4 dxe4 28. d5 Rae8 29. Bd3 exd3 30. Rxg4+ Kh8 31. Kh2 Rd8 32. Ng5 Rxd5 33. Nf3 Rh5+ 34. Kg1 Rxh1+ 35. Kxh1 Rd8 36. Ng5 Bxg5 0-1

[Event "NED-ch U18/20"]
[Site "Assen"]
[Date "2017.04.24"]
[Round "2"]
[White "Vereggen, Lars"]
[Black "Van Dael, Siem"]
[Result "0-1"]
[WhiteElo "2334"]
[BlackElo "2051"]
[PlyCount "134"]
[EventDate "2017.04.23"]
[EventType "swiss"]
[EventRounds "9"]
[EventCountry "NED"]
[SourceTitle "CBM 178 Extra"]
[Source "ChessBase"]
[SourceDate "2017.06.22"]
[SourceVersion "1"]
[SourceVersionDate "2017.06.22"]
[SourceQuality "1"]

1. d4 Nf6 2. Bg5 Ne4 3. Bf4 c5 4. f3 Nf6 5. d5 d6 6. e4 g6 7. Nd2 Bg7 8. c3 0-0 9. g4 e6 10. Nc4 e5 11. Bg5 h6 12. Be3 h5 13. h3 b5 14. Nd2 Na6 15. a4 b4 16. c4 Nh7 17. h4 Bd7 18. b3 Nf6 19. Be2 Qc8 20. Nf1 hxg4 21. Ng3 Nh5 22. Nxh5 gxh5 23. fxg4 Bxg4 24. Bxg4 hxg4 25. h5 f5 26. h6 Bf6 27. exf5 Qxf5 28. Ne2 Qe4 29. Kd2 Kh7 30. Qb1 Qxb1 31. Raxb1 Rg8 32. Ng3 Nc7 33. Nf5 Ne8 34. Rbf1 Rb8 35. Ke2 Rb7 36. Kf2 Rf7 37. Kg3 Bg5 38. Bxg5 Rxg5 39. Ne3 Rf3+ 40. Rxf3 gxf3+ 41. Kxf3 Nf6 42. Rh4 Kg6 43. Rh2 Nh5 44. Nf1 Kxh6 45. Nd2 Rg3+ 46. Kf2 Rd3 47. Kf1 Kg6 48. Ke1 Nf6 49. Rh8 e4 50. Ke2 Rc3 51. Rd8 e3 52. Nf1 Rxb3 53. Rxd6 Ra3 54. Nxe3 b3 55. Rd8 Ne4 56. Rb8 Nd6 57. a5 Kf6 58. Kd2 Ke5 59. Kd3 b2+ 60. Ke2 Ke4 61. Nc2 Ra2 62. Kd2 Nxc4+ 63. Kc3 Kxd5 64. Rd8+ Nd6 65. Rb8 Ne4+ 66. Kd3 c4+ 67. Ke3 b1Q 0-1

[Event "Hoogeveen Unive op 20th"]
[Site "Hoogeveen"]
[Date "2016.10.20"]
[Round "7"]
[White "Vereggen, Lars"]
[Black "Mellema, Andries"]
[Result "1-0"]
[WhiteElo "2380"]
[BlackElo "2143"]
[PlyCount "97"]
[EventDate "2016.10.15"]
[EventType "swiss"]
[EventRounds "9"]
[EventCountry "NED"]
[SourceTitle "EXT 2017"]
[Source "ChessBase"]
[SourceDate "2016.10.25"]
[SourceVersion "1"]
[SourceVersionDate "2016.10.25"]
[SourceQuality "1"]

1. Nf3 Nf6 2. c4 g6 3. Nc3 c5 4. d4 Bg7 5. e4 cxd4 6. Nxd4 d6 7. Be2 Nc6 8. Be3 0-0 9. 0-0 Bd7 10. Nc2 Rc8 11. f3 a6 12. Qd2 Re8 13. Rfd1 Ne5 14. b3 Qc7 15. Nd4 Nc6 16. Nxc6 Bxc6 17. Rac1 Qa5 18. Qb2 Nd7 19. b4 Qc7 20. b5 axb5 21. cxb5 Bxe4 22. fxe4 Bxc3 23. Qb3 Qa5 24. Bc4 Rxc4 25. Qxc4 Bf6 26. Kh1 Kg7 27. Qd5 Rb8 28. h3 b6 29. Rc7 Nc5 30. Bd4 Bxd4 31. Qxd4+ Kg8 32. Rxe7 Qxb5 33. Qxd6 Rf8 34. Qd5 Qe2 35. Kh2 Qf2 36. Qd2 Qf6 37. Qd6 Qh4 38. Rf1 Nxe4 39. Qe5 Ng5 40. Re8 Qc4 41. Rxf8+ Kxf8 42. Rf4 Qc5 43. Qh8+ Ke7 44. Qf6+ Kd7 45. Rd4+ Kc8 46. Qd8+ Kb7 47. Rd7+ Ka6 48. Qa8+ Kb5 49. Rd5 1-0

[Event "Hoogeveen Unive op 20th"]
[Site "Hoogeveen"]
[Date "2016.10.18"]
[Round "4"]
[White "Dushyant, Sharma"]
[Black "Vereggen, Lars"]
[Result "1/2-1/2"]
[WhiteElo "2039"]
[BlackElo "2380"]
[PlyCount "154"]
[EventDate "2016.10.15"]
[EventType "swiss"]
[EventRounds "9"]
[EventCountry "NED"]
[SourceTitle "EXT 2017"]
[Source "ChessBase"]
[SourceDate "2016.10.25"]
[SourceVersion "1"]
[SourceVersionDate "2016.10.25"]
[SourceQuality "1"]

1. e4 e5 2. Nf3 Nc6 3. Nc3 Nf6 4. Bb5 Bc5 5. Nxe5 Nxe5 6. d4 Bd6 7. f4 Neg4 8. e5 Bb4 9. exf6 Nxf6 10. 0-0 0-0 11. Qf3 Bxc3 12. bxc3 d6 13. Bd2 Bf5 14. Bd3 Qc8 15. c4 Rb8 16. d5 Bxd3 17. Qxd3 Re8 18. Rae1 Nd7 19. Bc3 Rxe1 20. Rxe1 Qf8 21. Qf5 Rd8 22. Re3 g6 23. Qg4 Re8 24. Qe2 Rxe3 25. Qxe3 b6 26. g4 f6 27. Bd4 Qf7 28. h4 f5 29. g5 Kf8 30. Kf2 Qe7 31. Qxe7+ Kxe7 32. Ke3 Kd8 33. Kd3 Kc8 34. Kc3 Kb7 35. a4 Nb8 36. Be3 Na6 37. Kb3 c6 38. Kc3 Nc7 39. Kd4 Ne8 40. Kc3 Nc7 41. Kd4 a6 42. Bf2 b5 43. dxc6+ Kxc6 44. axb5+ axb5 45. cxb5+ Kxb5 46. c4+ Kc6 47. Be3 Ne6+ 48. Kd3 d5 49. Bc1 Nc5+ 50. Kc3 Ne6 51. Kd3 Kd6 52. Ba3+ Kc6 53. Bc1 dxc4+ 54. Kxc4 Nc7 55. Kd4 Kd6 56. Ba3+ Ke6 57. Bc1 Nb5+ 58. Kc4 Nd6+ 59. Kd4 Ne4 60. Be3 Ng3 61. Bf2 Ne2+ 62. Ke3 Nc3 63. Kd4 Nd5 64. Be3 Nb4 65. Bd2 Nc6+ 66. Kc5 Nd8 67. Kd4 Nf7 68. Bb4 h6 69. Be1 h5 70. Bb4 Nd8 71. Bd2 Nc6+ 72. Kc5 Ne7 73. Kd4 Nd5 74. Kc5 Ne7 75. Bc3 Nd5 76. Bd2 Nc7 77. Bc3 Nd5 1/2-1/2

[Event "Hoogeveen Unive op 20th"]
[Site "Hoogeveen"]
[Date "2016.10.17"]
[Round "3"]
[White "Vereggen, Lars"]
[Black "Lalith, Babu MR"]
[Result "0-1"]
[WhiteElo "2380"]
[BlackElo "2586"]
[PlyCount "88"]
[EventDate "2016.10.15"]
[EventType "swiss"]
[EventRounds "9"]
[EventCountry "NED"]
[SourceTitle "EXT 2017"]
[Source "ChessBase"]
[SourceDate "2016.10.25"]
[SourceVersion "1"]
[SourceVersionDate "2016.10.25"]
[SourceQuality "1"]

1. d4 Nf6 2. Bg5 c5 3. d5 Ne4 4. Bc1 e6 5. dxe6 fxe6 6. g3 Be7 7. Bg2 Qa5+ 8. c3 d5 9. Nd2 Nf6 10. Ngf3 Nc6 11. 0-0 Qc7 12. Qc2 Bd7 13. e4 0-0-0 14. Ng5 Rde8 15. Bh3 Nd8 16. f4 h6 17. Ngf3 g5 18. e5 Nh5 19. Bg4 Nxf4 20. gxf4 h5 21. Bh3 g4 22. Bg2 gxf3 23. Nxf3 Nf7 24. Be3 Nh6 25. h4 Ng4 26. Rae1 Bb5 27. Rf2 Nxf2 28. Qxf2 Bd3 29. Ng5 Bf5 30. Rc1 Kb8 31. c4 d4 32. Bd2 Bxg5 33. hxg5 h4 34. Kh2 Rd8 35. b4 Rh7 36. b5 h3 37. Bf3 Qf7 38. a4 Qg6 39. a5 Be4 40. Bg4 Rdh8 41. b6 Rh4 42. Be2 Bc6 43. Rg1 Qc2 44. Bf1 Rf8 0-1

[Event "Hoogeveen Unive op 20th"]
[Site "Hoogeveen"]
[Date "2016.10.16"]
[Round "2"]
[White "Taams, Sander"]
[Black "Vereggen, Lars"]
[Result "0-1"]
[WhiteElo "1857"]
[BlackElo "2380"]
[PlyCount "94"]
[EventDate "2016.10.15"]
[EventType "swiss"]
[EventRounds "9"]
[EventCountry "NED"]
[SourceTitle "EXT 2017"]
[Source "ChessBase"]
[SourceDate "2016.10.25"]
[SourceVersion "1"]
[SourceVersionDate "2016.10.25"]
[SourceQuality "1"]

1. e4 g6 2. d4 Bg7 3. Nc3 d6 4. f4 a6 5. Nf3 b5 6. a3 Bb7 7. Bd3 Nd7 8. e5 e6 9. Ne4 Nb6 10. 0-0 Ne7 11. c3 Nf5 12. g4 Ne7 13. Nf6+ Bxf6 14. exf6 Ned5 15. g5 Qd7 16. Qe2 Kd8 17. Bd2 Nc4 18. Bxc4 bxc4 19. Qxc4 Nb6 20. Qe2 Qb5 21. Qxb5 axb5 22. Rae1 Kd7 23. Bc1 Nd5 24. Nd2 h6 25. Ne4 hxg5 26. fxg5 Rh4 27. Rf2 Rah8 28. Ng3 Rh3 29. Nf1 R8h4 30. Ne3 Nf4 31. Rd2 Rf3 32. d5 exd5 33. Ng2 Nh3+ 34. Kh1 Re4 35. Rd4 Rxe1+ 36. Nxe1 Rf1+ 37. Kg2 Rxe1 38. Kxh3 Rxc1 39. Rh4 Rg1 40. Rh7 Ke6 41. Kh4 d4 42. cxd4 Kf5 43. h3 Bd5 44. b3 Kf4 45. a4 Rh1 46. Rxf7 Be6 47. a5 Rxh3# 0-1